الناس والأمم : (Record no. 14395)

MARC details
000 -الفاتح
حقل البيانات ثابتة الطول 00900nam a22001817a 4500
008 - عناصر البيانات ثابتة الطول - معلومات عامة
حقل البيانات ثابتة الطول 100706s1962 xxu||||| |||| 00| 0 ara d
082 ## - رقم تصنيف ديوى العشرى
رقم الطبعة 22
رقم التصنيف 320.01
رقم المادة هـ ا ل
100 1# - المدخل الرئيسى - إسم شخصى
9 (RLIN) 15949
الإسم الشخصى هال ، لويس
245 ## - بيان العنوان
العنوان الناس والأمم :
بقية العنوان بحث في أصول الفلسفة السياسية /
بيان المسئوليه,etc لويس هال ؛ ترجمة محمد فتحى الشنيطى
260 ## - PUBLICATION, DISTRIBUTION, ETC. (IMPRINT)
مكان الناشر او الموزع القاهرة :
اسم الناشر او الموزع مؤسسة سجل العرب ،
تاريخ النشر أو التوزيع 1962.
300 ## - الوصف المادى
التعداد 264 ص :
أبعاد الوعاء 24 سم.
504 ## - تبصرة ببليوجرافية
تبصرة ببليوجرافية,الخ يحتوى على ارجاعات ببليوجرافية
541 ## - تبصرة المصدر المباشر للتزويد
مصدر التزويد ألف باء ؛
طريقة التزويد شراء ؛
650 ## - المدخل الاضافى بالموضوع-مصطلح موضوعى
9 (RLIN) 15952
مصطلح موضوعي أو اسم جغرافي كعنصر مدخل فلسفة سياسية
700 ## - المدخل الاضافى - اسم شخصى
9 (RLIN) 15950
الإسم الشخصى الشنيطى ، محمد فتحى
الدور ترجمة
942 ## - عناصر المدخل الإضافي( كوها)
مصدر التصنيف او مخطط الترفيف Dewey Decimal Classification
Koha [default] item type Book - Borrowing
Holdings
حالة التراجع حالة الفقد مصدر التصنيف او خطة الترفيف حالة تلف ليس للاعارة مجموعات كوها المكان الدائم المكان الحالي موقع الترفيف تاريخ الاكتساب Source of acquisition رقم الاستدعاء الباركود Date last seen نوع الوعاء
    Dewey Decimal Classification     Alef-Baa Central Library Central Library First floor 06/07/2010   320.01 ه ا ل 000021385 15/07/2025 Book - Borrowing